00478nam a2200145Ia 450000500170000000800410001710000230005824500480008126000370012930000110016665000150017794200070019299900170019995201160021620260328104340.0260328s9999||||xx |||||||||||||| ||und|| aSteiner, Frederick 0aDesign With Nature Now /cFrederick Steiner bLincoln Institute of Land Policy a351 p. aPAISAJISMO cBK c12075d12075 001040708GENaGPCbGPCcGENd2026-03-28i6326l0o711.3 St 454p6326r2026-03-28 15:43:40t1w2026-03-28yBK